| 000 | 00711nam a2200205 a 4500 | ||
|---|---|---|---|
| 001 | 000035369 | ||
| 003 | DO-SdBNP | ||
| 005 | 20260305073955.0 | ||
| 008 | 111028s1923 sp 000 0 spa d | ||
| 040 |
_aDO-SdBNP _bspa _cBNPHU |
||
| 100 | 1 |
_aMonsalve, J. D., _d1864-1935 _961175 |
|
| 245 | 1 | 3 |
_aEl ideal político del libertador Simón Bolivar : _b(1783-1824) / _cJ. D. Monsalve. |
| 260 |
_aMadrid : _bAmérica, _c[ca. 1923]. |
||
| 300 |
_a2 v. ; _c19 cm. |
||
| 490 | 0 |
_aBiblioteca de ciencias políticas y sociales ; _v11 |
|
| 500 | _aBiblioteca tiene volumen 1 (519 p.) | ||
| 586 | _aObra laureada por la Academia Colombiana de Historia | ||
| 600 | 1 | 0 |
_aBolívar, Simón, _d1783-1830 _9253 |
| 942 |
_2ddc _cLBS1 |
||
| 999 |
_c34860 _d34860 |
||